Mecanismos celulares neocorticales en la memoria procedural: configuración horizontal de la actividad evocada en la corteza somatosensorial de la rata y su modificación por estimulación selectiva

Gespeichert in:
Bibliographische Detailangaben
1. Verfasser: Guic Sesnic, Eliana Lucrecia (VerfasserIn)
Format: Buch
Sprache:Spanisch
Veröffentlicht: Salamanca Universidad Pontificia de Salamanca 2002
Schlagworte:
Tags: Tag hinzufügen
Keine Tags, Fügen Sie den ersten Tag hinzu!

MARC

LEADER 00000nam a2200000 a 4500
001 UCL4489
003 CL-VaPUC
008 040116e20020000SP |||||||||||||||||spa|d
082 0 4 |a 591.5  |b GUI  |2 21 
100 0 |a Guic Sesnic, Eliana Lucrecia  |e author  |9 482008 
245 1 0 |a Mecanismos celulares neocorticales en la memoria procedural: configuración horizontal de la actividad evocada en la corteza somatosensorial de la rata y su modificación por estimulación selectiva 
300 |a 50 p 
942 |c BK 
945 |d 20040116 00:00:00  |a cmena 
260 |a Salamanca  |b Universidad Pontificia de Salamanca  |c 2002 
500 |a Extracto de la tesis presentada para la obtención del grado de Doctor 
650 0 |a Psicología aplicada   |9 270762 
650 7 |a COMPORTAMIENTO ANIMAL  |2 CL-VaPUC  |9 334602 
650 0 |a Aprendizaje   |9 254827 
650 0 |a Memoria  |9 266549 
583 |a last modification  |c 20130102 08:35:09  |k Rodrigo Vera 
999 |c 307314  |d 307312 
952 |0 0  |1 0  |4 0  |6 591_500000000000000_GUI_2002  |7 0  |8 A  |9 373172  |a BIBCUR  |b BIBCUR  |d 2019-11-21  |i 391366K  |o 591.5 GUI 2002  |p 391366K  |r 2025-04-22  |w 2019-11-21  |y BK  |k BCB